| 000 | 01632nam a2200265Ia 4500 | ||
|---|---|---|---|
| 999 |
_c34691 _d34691 |
||
| 001 | 476 | ||
| 003 | GE_BSU | ||
| 005 | 20200127163559.0 | ||
| 008 | 181216s2001||||ge |||||||||||||| ||geo|| | ||
| 020 | _a 9992881003 | ||
| 040 | _cGE_BSU | ||
| 041 | _ageo | ||
| 080 | _a344.722(479.22)(035)+658.114.3(479.22)(035)+050.8(479.22)(035) ს-32 | ||
| 245 |
_a საქმიანი საქართველო R. საქართველოს კომპანიები 2011 : _b ცნობარი / _c პროექტის ხელმძღვ. ო. შატბერაშვილი ; სარედ. კოლ.: თ. ჩუბინიშვილი, დ. დუმბაძე ; საინფორმ. ბლოკის ავტ.: დ. დუმბაძე [და სხვ.] ; მხატვრ. გაფორმება: თ. თოდუა [და სხვ.]]. |
||
| 264 |
_aთბილისი : _bტექინფორმი, _c2001. |
||
| 300 |
_a320 გვ. ; _b27 სმ. |
||
| 490 | _aტექინფორმის ცნობარები | ||
| 501 | _aკომპანიების ანბ საძ.: გვ. AI-AXXXV; საგ. საძ.: გვ. BI-BXXIII. | ||
| 653 |
_aსაქართველოს კომპანიები _aცნობარები |
||
| 700 |
_a დუმბაძე, დ. _96414 |
||
| 700 |
_a ახვლედიანი, ლ. _96415 |
||
| 700 |
_a ბერიშვილი, მ. _96416 |
||
| 700 |
_a ბიკაშვილი, ლ. და სხვ. _eრედაქტორი _96417 |
||
| 942 |
_cBK _2udc |
||